| 000 -LEADER |
| fixed length control field |
00541nam a22001457a 4500 |
| 008 - FIXED-LENGTH DATA ELEMENTS--GENERAL INFORMATION |
| fixed length control field |
240418b ||||| |||| 00| 0 eng d |
| 100 ## - MAIN ENTRY--PERSONAL NAME |
| Personal name |
Himanshu, N. |
| 245 ## - TITLE STATEMENT |
| Title |
Assisted hunting |
| 260 ## - PUBLICATION, DISTRIBUTION, ETC. (IMPRINT) |
| Place of publication, distribution, etc |
Down to Earth |
| 300 ## - PHYSICAL DESCRIPTION |
| Extent |
Feb 1-15, 2024: p.20-22 |
| 520 ## - SUMMARY, ETC. |
| Summary, etc |
States are increasingly translocation herbivores and ungulates to reserves to ensure adequate prey base for fingers. But this strategy may not prove sustainable for long. Reproduced |
| 773 ## - HOST ITEM ENTRY |
| Main entry heading |
Down to Earth |
| 906 ## - LOCAL DATA ELEMENT F, LDF (RLIN) |
| Subject DIP |
FOREST MANAGEMENT |
| 942 ## - ADDED ENTRY ELEMENTS (KOHA) |
| Item type |
Articles |